000 00680nam a2200253Ia 4500
001 6509
005 20240113233921.0
007 ta
008 050627s1988 a g b000 u hin u
040 _aCotton College Assam
041 _ahin
082 _a891.43308
_bGy 996 Pr
100 _a, Gyanranjan .
245 0 _aPratinidhi Kahaniyan /
_cGyanranjan.
_hTextual Documents
250 _a3rd ed. /
260 _aDelhi :
_bRajkamal prakashan ,
_c1988.
300 _a136p. :
_bill. ;
_c17cm .
653 _aHindi Short Stories-Collections
653 _aShort Stories-Hindi
942 _2ddc
_cBK
999 _c6496
_d6496